Пособие по аналитической химии; Количественный анализ: учебное пособие для университетов

Бібліографічні деталі
Автор: Ушакова Н. Н. Нина Николаевна
Інші автори: Николаева Е. Р. (редактор), Моросанова С. А., Алимарин И. П. Иван Павлович, Мельчаков Н. В.
Резюме:Пособие состоит из четырех разделов: химические (гравиметрический и титриметрический) методы анализа; физико-химические и физические (электрохимические и оптические) методы анализа; анализ природных объектов; элементарные основы метода математической статистики. Помимо методик для количественного определения элементов приводятся и теоретические основы методов анализа, подробно описана аппаратура, используемая в оптических и электрохимических методах.
Мова:Російська
Опубліковано: Москва, Изд-во Моск. ун-та, 1978
Предмети:
Формат: MixedMaterials Книга
KOHA link:https://koha.lib.tpu.ru/cgi-bin/koha/opac-detail.pl?biblionumber=46139

MARC

LEADER 00000nam0a2200000 4500
001 46139
005 20231101211011.0
035 |a (RuTPU)RU\TPU\book\48054 
090 |a 46139 
100 |a 20021220d1978 m y0rusy50 ca 
101 0 |a rus 
102 |a RU 
105 |a a j 000zy 
200 1 |a Пособие по аналитической химии  |a Количественный анализ  |e учебное пособие для университетов  |f Н. Н. Ушакова, Е. Р. Николаева, С. А. Моросанова  |g Под ред. И. П. Алимарина, Н. В. Мельчакова 
210 |a Москва  |c Изд-во Моск. ун-та  |d 1978 
215 |a 223 с.  |c ил. 
320 |a Библиогр. в конце частей. 
330 |a Пособие состоит из четырех разделов: химические (гравиметрический и титриметрический) методы анализа; физико-химические и физические (электрохимические и оптические) методы анализа; анализ природных объектов; элементарные основы метода математической статистики. Помимо методик для количественного определения элементов приводятся и теоретические основы методов анализа, подробно описана аппаратура, используемая в оптических и электрохимических методах. 
606 1 |a Аналитическая химия  |2 stltpush  |3 (RuTPU)RU\TPU\subj\67454  |9 83247 
610 1 |a количественный анализ 
610 1 |a гравиметрический анализ 
610 1 |a титриметрический анализ 
610 1 |a титрование 
610 1 |a потенциометрический анализ 
610 1 |a кулонометрический анализ 
610 1 |a полярографический анализ 
610 1 |a амперометрия 
610 1 |a оптические методы 
610 1 |a спектрофотометрия 
610 1 |a люминесцентный анализ 
610 1 |a силикатные материалы 
610 1 |a руды 
610 1 |a минералы 
610 1 |a почвенные вытяжки 
610 1 |a результаты 
610 1 |a математическая статистика 
610 1 |a учебные пособия 
610 1 |a обработка 
675 |a 543(075.8)  |v 3 
700 1 |a Ушакова  |b Н. Н.  |g Нина Николаевна 
701 1 |a Николаева  |b Е. Р. 
701 1 |a Моросанова  |b С. А. 
702 1 |a Алимарин  |b И. П.  |g Иван Павлович  |4 340 
702 1 |a Мельчаков  |b Н. В.  |4 340 
801 1 |a RU  |b 63413507  |c 20021220  |g PSBO 
801 2 |a RU  |b 63413507  |c 20180820  |g PSBO 
942 |c BK